000 00289nam a22001337a 4500
008 170602b xxu||||| |||| 00| 0 eng d
020 _a043200451
041 _aeng
080 _a93
100 _a17
101 _aSHH
245 _aTHE FRENCH PARLIAMENT
_cWILLIAMS, P.M
942 _2udc
_cBK
999 _c15582
_d15582